000 00284nam a2200109Ia 4500
001 589105
005 20250717120842.0
008 250717s9999 xx 000 0 und d
245 0 _aX-3 DÜNYANIN EN TEMBEL ATI RÜZGAR
_cPHIL ALLCOCK
260 _bİNDİGO YAYINLARI
_c2018
300 _b20
999 _c589105
_d589105